00474nam a2200157Ia 4500008004100000100002300041245004900064245007100113260002400184260000900208300002200217440003200239650001600271650000900287650002000296190425s9999 xx 000 0 und d aMarcelo, Elizabeth aCOA flags NFA over rice allocation increase/ cElizabeth Marcelo, Delon Porcalla, Evelyn Macairan, Ding Cervantes bThe Philippine Star c2018 aPage 6, August 28 aThe Philippine Starv33: 32 aagriculture arice arice allocation